书目信息 |
| 题名: |
几类多状态复杂系统的可靠性分析
|
|
| 作者: | 苏鹏 著 | |
| 分册: | ||
| 出版信息: | 北京 中国经济出版社 2022.05 |
|
| 页数: | 183页 | |
| 开本: | 24cm | |
| 丛书名: | ||
| 单 册: | ||
| 中图分类: | N945.12 | |
| 科图分类: | ||
| 主题词: | 系统建模--xi tong jian mo | |
| 电子资源: | ||
| ISBN: | 978-7-5096-8418-4 | |
| 000 | 01281nam0 2200217 450 | |
| 001 | 011025153944 | |
| 005 | 20221025153944.0 | |
| 010 | @a978-7-5096-8418-4@dCNYY98.00 | |
| 100 | @a20201004d2022 em y0chiy50 ea | |
| 101 | 0 | @achi |
| 102 | @aCN@b110000 | |
| 105 | @aa z 000yy | |
| 106 | @ar | |
| 200 | 1 | @a几类多状态复杂系统的可靠性分析@Aji lei duo zhuang tai fu za xi tong de ke kao xing fen xi@f苏鹏著 |
| 210 | @a北京@c中国经济出版社@d2022.05 | |
| 215 | @a183页@c图@d24cm | |
| 330 | @a本书旨在以电力,计算机网络,通信网络等为背景,研究三类动态复杂系统的可靠性问题。第一类是基于产能共享机制,研究了几种不同拓扑结构下动态系统的可靠性建模及优化问题;第二类是泊松冲击下阶段任务系统的可靠性建模及评估问题;第三类探讨了具有概率传播失效和隔离效应的动态网络系统的可靠性建模与分析问题。为解决上述几类系统的可靠性问题,本书综合利用了通用生成函数方法、二值决策图方法、模块化方法等,分析了产能共享机制下的三种不同多状态系统结构模型的工作原理、泊松冲击下的阶段任务复杂系统的可靠度评估、概率传播失效和隔离效应并存下的复杂网络系统的可靠性建模。详细介绍了三类多状态复杂系统的产生与相关应用背景,及近期研究成果和目前研究中尚存的不足和亟需解决的问题。 | |
| 606 | 0 | @a系统建模@Axi tong jian mo |
| 690 | @aN945.12@v5 | |
| 701 | 0 | @a苏鹏@Asu peng@4著 |
| 905 | @a河南城建学院图书馆@dN945.12@eS850 | |
| 几类多状态复杂系统的可靠性分析/苏鹏著.-北京:中国经济出版社,2022.05 |
| 183页:图;24cm |
| ISBN 978-7-5096-8418-4:CNYY98.00 |
| 本书旨在以电力,计算机网络,通信网络等为背景,研究三类动态复杂系统的可靠性问题。第一类是基于产能共享机制,研究了几种不同拓扑结构下动态系统的可靠性建模及优化问题;第二类是泊松冲击下阶段任务系统的可靠性建模及评估问题;第三类探讨了具有概率传播失效和隔离效应的动态网络系统的可靠性建模与分析问题。为解决上述几类系统的可靠性问题,本书综合利用了通用生成函数方法、二值决策图方法、模块化方法等,分析了产能共享机制下的三种不同多状态系统结构模型的工作原理、泊松冲击下的阶段任务复杂系统的可靠度评估、概率传播失效和隔离效应并存下的复杂网络系统的可靠性建模。详细介绍了三类多状态复杂系统的产生与相关应用背景,及近期研究成果和目前研究中尚存的不足和亟需解决的问题。 |
| ● |
| 相关链接 |
|
|
|
正题名:几类多状态复杂系统的可靠性分析
索取号:N945.12/S850
 
预约/预借
| 序号 | 登录号 | 条形码 | 馆藏地/架位号 | 状态 | 备注 |
| 1 | 1590292 | 215902922 | 自科库401/401自科库 142排2列5层/ [索取号:N945.12/S850] | 在馆 | |
| 2 | 1590293 | 215902931 | 自科库401/401自科库 142排2列5层/ [索取号:N945.12/S850] | 在馆 |